000 00863nam a22003137b 4500
001 02076911
003 DO-SdBNP
005 20180222094547.0
007 02076911
008 060119r2006 sp a ||| ||spa
016 7 _a
_2BPMSU
017 _a
_b
020 _a8420464899
035 _a
040 _aBPMSU
_bspa
_cBPMSU
_e
080 0 _a
100 1 _aSierra i Fabra, Jordi
_d1947-
245 1 0 _aQuerido hijo: estás despedido /
_cJordi Sierra i Fabra ; ilustraciones Magalí Colomer
_h
250 _a12ª ed.
260 _aMadrid :
_bAlfaguara,
_c2006.
300 _a114 p. :
_bil.;
_c20 cm
490 0 _aAfaguara infantil
521 _aA partir de 10 años.
700 1 _aColomer, Magalí
_eil.
830 0 _aAfaguara infantil
942 _2ddc
_cBK
945 _aInventariado, 2018/ YL
956 _aVMATEO
_210
_320160421
_6BPMSU
_80069
999 _c9880
_d9880